| 000 | 00813nam a2200217 a 4500 | ||
|---|---|---|---|
| 001 | BRCA_6398 | ||
| 005 | 20190320205434.0 | ||
| 008 | 050911s2010----mx-a######---#000-0#spa-# | ||
| 041 | _aspa | ||
| 044 | _amx | ||
| 050 | 4 |
_aN910.M42 _b.A93 2010 |
|
| 100 | 1 |
_aAyala Camaño, Asalia _916003 |
|
| 245 | 1 | 0 | _aPropuesta de políticas de preservación para la Biblioteca Rogerio Casas-Alatriste H. del Museo Franz Mayer. |
| 260 |
_aCiudad de México _c2010 |
||
| 300 |
_av, 102 p. _bil. _c24 cm. |
||
| 502 | _aTesina Licenciatura (Licenciada en Biblioteconomía) Escuela Nacional de Biblioteconomía y Archivonomía | ||
| 610 | 2 | 4 |
_aMuseo Franz Mayer (Ciudad de México) _bBiblioteca Rogerio Casas-Alatriste H. _xConservación _916004 |
| 650 | 1 | 4 |
_aPreservación _xPolíticas _916005 |
| 902 | _aTES | ||
| 942 |
_2lcc _cTES |
||
| 999 |
_c6083 _d6083 |
||